000 00311nam a22001337a 4500
008 181029b xxu||||| |||| 00| 0 eng d
020 _a9780314599964
041 _aeng
080 _a311
100 _a51
101 _aSTA
245 _aStatistics for the Behavioral Sciences
_cGravetter F,J
942 _2udc
_cBK
999 _c51041
_d51041